[Event "Master"]
[Site "Hyeres"]
[Date "2008.07.07"]
[Round "1.2"]
[White "Penloup, Dominique"]
[Black "Banuls, Adrien"]
[Result "1-0"]
[WhiteElo "1833"]
[BlackElo "1814"]
[Annotator "Salaun,Michel"]
[PlyCount "99"]
[EventDate "2008.07.11"]
[EventType "tourn"]
[EventRounds "7"]
[EventCountry "FRA"]
[SourceDate "2008.07.31"]

1. e4 c5 2. Nc3 d6 3. f4 g6 4. Nf3 Bg7 5. Bb5+ Nc6 6. O-O Nf6 7. e5 dxe5 8.
Nxe5 Qd4+ 9. Kh1 Bd7 10. Bxc6 Bxc6 11. Nxc6 bxc6 12. Qf3 Rc8 13. d3 Nd5 14. Ne4
c4 15. Rd1 c3 16. b3 Qb6 17. Re1 O-O 18. a4 a5 19. Ba3 Bd4 20. Re2 Nb4 21. Bxb4
Qxb4 22. Rae1 Rfe8 23. Nf2 Bxf2 {(=)} 24. Qxf2 Rcd8 25. Re4 Qa3 26. Qe2 Rd7 27.
Rc4 Rd6 28. Rxc3 Re6 29. Qf1 Rxe1 30. Qxe1 Qb4 31. Qe5 f6 32. Qe6+ Kg7 33. Rc4
Qd2 34. h3 Qc1+ 35. Kh2 h5 36. Qxc6 Rd8 37. Qc7 Re8 38. Re4 Kf7 39. Qc4+ Kf8
40. Qc7 e5 41. fxe5 fxe5 42. Qc5+ Kg7 43. Qa7+ Kf8 44. Qf2+ Kg7 45. Re1 Qg5 46.
Rf1 Re7 47. h4 Qg4 48. g3 e4 49. dxe4 Qxe4 50. c4 1-0

[Event "Master"]
[Site "Hyeres"]
[Date "2008.07.07"]
[Round "1.4"]
[White "Langevin, Philippe"]
[Black "Villegas, Pierre"]
[Result "1-0"]
[WhiteElo "2154"]
[BlackElo "2105"]
[Annotator "Salaun,Michel"]
[PlyCount "71"]
[EventDate "2008.07.11"]
[EventType "tourn"]
[EventRounds "7"]
[EventCountry "FRA"]
[SourceDate "2008.07.31"]

1. e4 c5 2. Nc3 Nc6 3. g3 g6 4. Bg2 Bg7 5. d3 d6 6. f4 e6 7. Nf3 Nge7 8. O-O
O-O 9. Bd2 Rb8 10. Rb1 b5 11. Ne2 b4 12. a3 a5 13. c4 Ba6 14. axb4 Nxb4 15. Bc3
d5 16. Bxg7 Kxg7 17. f5 dxe4 18. f6+ Kxf6 19. Ng5+ Kg7 20. Rxf7+ Rxf7 21. Nxe6+
Kg8 22. Nxd8 Rxd8 23. Bxe4 Bxc4 24. Qa4 Bxd3 25. Bxd3 Rxd3 26. Nf4 Re3 27. Qxa5
Re5 28. Qd8+ Rf8 29. Qd6 Nec6 30. Rf1 Ref5 31. Re1 Nd4 32. Kg2 g5 33. Ne6 Rf2+
34. Kh3 Nxe6 35. Qxe6+ Kg7 36. Rd1 1-0

[Event "Master"]
[Site "Hyeres"]
[Date "2008.07.07"]
[Round "1.1"]
[White "Brongers, Henk"]
[Black "Hajage, Samuel"]
[Result "0-1"]
[WhiteElo "2070"]
[BlackElo "1924"]
[Annotator "Salaun,Michel"]
[PlyCount "70"]
[EventDate "2008.07.11"]
[EventType "tourn"]
[EventRounds "7"]
[EventCountry "FRA"]
[SourceDate "2008.07.31"]

1. e4 c5 2. Nf3 Nc6 3. d4 cxd4 4. Nxd4 Nf6 5. Nc3 e5 6. Ndb5 d6 7. Bg5 a6 8.
Na3 b5 9. Nd5 Be7 10. Bxf6 Bxf6 11. c3 Bg5 12. Nc2 O-O 13. a4 bxa4 14. Rxa4 a5
15. Bc4 Rb8 16. b3 Kh8 17. Nce3 Bxe3 18. Nxe3 Ne7 19. O-O f5 20. exf5 Nxf5 21.
Nxf5 Rxf5 22. Bd3 Rf6 23. Be4 Qc7 24. Qc2 Bd7 25. Ra2 Rc8 26. c4 a4 27. bxa4
Qxc4 28. a5 Qa6 29. Qb2 Bb5 30. Rb1 Rc5 31. g3 Rf8 32. Rc1 Rfc8 33. Rxc5 Rxc5
34. Ra3 d5 35. Qb4 Rc1+ 0-1

[Event "Master"]
[Site "Hyeres"]
[Date "2008.07.07"]
[Round "1.3"]
[White "Sernagiotto, Mirko Virgilio"]
[Black "Kleinplatz, Sam"]
[Result "0-1"]
[WhiteElo "2072"]
[BlackElo "2265"]
[Annotator "Salaun,Michel"]
[PlyCount "54"]
[EventDate "2008.07.11"]
[EventType "tourn"]
[EventRounds "7"]
[EventCountry "FRA"]
[SourceDate "2008.07.31"]

1. Nf3 Nf6 2. g3 g6 3. Bg2 Bg7 4. d4 d5 5. c3 O-O 6. O-O c5 7. e3 Nc6 8. Nbd2
Qb6 9. Re1 Bf5 10. Nh4 Be6 11. dxc5 Qxc5 12. Nb3 Qb6 13. Nd4 Bg4 14. Qb3 Qc7
15. h3 Bd7 16. Bd2 Ne5 17. Qc2 Nc4 18. Red1 Ne4 19. Be1 e5 20. Ne2 Be6 21. Rac1
f5 22. b3 Ncd6 23. Nf3 Rac8 24. Kh2 b5 25. Qb2 Qe7 26. c4 bxc4 27. Nxe5 c3 0-1

[Event "Master"]
[Site "Hyeres"]
[Date "2008.07.08"]
[Round "2"]
[White "Banuls, Adrien"]
[Black "Sernagiotto, Mirko Virgilio"]
[Result "1-0"]
[WhiteElo "1814"]
[BlackElo "2072"]
[Annotator "Salaun,Michel"]
[PlyCount "117"]
[EventDate "2008.07.11"]
[EventType "tourn"]
[EventRounds "7"]
[EventCountry "FRA"]
[SourceDate "2008.07.31"]

1. e4 e5 2. Nf3 Nc6 3. Nc3 Nf6 4. d4 Qe7 5. dxe5 Nxe5 6. Nxe5 Qxe5 7. f4 Qe7 8.
Bd3 d6 9. O-O Bg4 10. Qe1 O-O-O 11. Be3 c5 12. f5 d5 13. Bg5 c4 14. Nxd5 Rxd5
15. exd5 Qc5+ 16. Kh1 Bd6 17. Bxf6 gxf6 18. Qh4 Qxd5 19. Qxg4 cxd3 20. cxd3 Qe5
21. g3 Kb8 22. Qe4 h5 23. Qxe5 Bxe5 24. Rf2 h4 25. g4 h3 26. Rd1 Rd8 27. d4 Bd6
28. Rf3 Rg8 29. Rg1 Rh8 30. g5 fxg5 31. Rxg5 Rh4 32. Rg8+ Kc7 33. Rg7 Kc6 34.
Rxf7 Rxd4 35. Rxh3 Rd1+ 36. Kg2 Rd2+ 37. Kf1 Rxb2 38. Rfh7 Be5 39. R3h6+ Kd5
40. f6 Rxa2 41. f7 Ra1+ 42. Kf2 Ra2+ 43. Kf3 Ra1 44. Rg6 Rf1+ 45. Ke2 Rf5 46.
Rg8 Bd6 47. Rd8 Kc5 48. h4 a5 49. h5 a4 50. h6 a3 51. Ra8 Kc4 52. Rg7 Kb3 53.
h7 Re5+ 54. Kd3 Rd5+ 55. Ke4 Re5+ 56. Kd4 Rh5 57. f8=Q Bxf8 58. Rxf8 a2 59.
Rxb7+ 1-0

[Event "Master"]
[Site "Hyeres"]
[Date "2008.07.08"]
[Round "2.1"]
[White "Hajage, Samuel"]
[Black "Villegas, Pierre"]
[Result "0-1"]
[WhiteElo "1924"]
[BlackElo "2105"]
[Annotator "Salaun,Michel"]
[PlyCount "90"]
[EventDate "2008.07.11"]
[EventType "tourn"]
[EventRounds "7"]
[EventCountry "FRA"]
[SourceDate "2008.07.31"]

1. e4 c5 2. Nc3 Nc6 3. Bb5 Na5 4. Nf3 a6 5. Be2 d6 6. d4 cxd4 7. Nxd4 Nf6 8.
Be3 e6 9. Nb3 Be7 10. Qd2 O-O 11. O-O Nc6 12. Rad1 b5 13. a3 Bb7 14. Bf4 Ne5
15. Bxe5 dxe5 16. Qe3 Qc7 17. Bd3 Nd7 18. Qg3 Rfd8 19. Nd4 Nf8 20. Nf3 Ng6 21.
h4 Nf4 22. Rfe1 b4 23. Ne2 bxa3 24. bxa3 Bxa3 25. Nxe5 Nxe2+ 26. Rxe2 Bd6 27.
f4 Bxe5 28. fxe5 a5 29. h5 h6 30. Qf4 a4 31. g4 Ra5 32. Rf1 Rd7 33. Ra1 Bc6 34.
Kf2 Qb6+ 35. Kf3 a3 36. g5 Qb2 37. Ree1 hxg5 38. Qxg5 Rxe5 39. Qg3 f5 40. Qg6
fxe4+ 41. Kg3 Qb8 42. Kh4 Rf7 43. Bc4 Rf4+ 44. Kg3 Rf6 45. Rab1 Rg5+ 0-1

[Event "Master"]
[Site "Hyeres"]
[Date "2008.07.08"]
[Round "2.4"]
[White "Kleinplatz, Sam"]
[Black "Langevin, Philippe"]
[Result "1-0"]
[WhiteElo "2265"]
[BlackElo "2154"]
[Annotator "Salaun,Michel"]
[PlyCount "103"]
[EventDate "2008.07.11"]
[EventType "tourn"]
[EventRounds "7"]
[EventCountry "FRA"]
[SourceDate "2008.07.31"]

1. e4 c5 2. d4 cxd4 3. c3 e6 4. Nf3 Nc6 5. cxd4 d5 6. exd5 exd5 7. Nc3 Nf6 8.
Ne5 Bb4 9. Bb5 O-O 10. O-O Nxe5 11. dxe5 Bxc3 12. bxc3 Ne4 13. Qd4 Qa5 14. Qb4
Qc7 15. c4 Qxe5 16. Ba3 Bf5 17. Rae1 a6 18. Ba4 b5 19. cxb5 axb5 20. Bxb5 Rfb8
21. Bb2 Qe6 22. a4 Qg6 23. Re3 h5 24. Qd4 Rd8 25. Rc1 Rd6 26. Bd3 Qf6 27. Qxf6
gxf6 28. f3 Rxa4 29. fxe4 dxe4 30. Bf1 Ra2 31. Bc3 Rc6 32. Rce1 Rc2 33. Ba1 Kg7
34. Rg3+ Kf8 35. Ra3 Bg6 36. Ra6 f5 37. Rxc6 Rxc6 38. Be5 Ke7 39. Bf4 Ke6 40.
Kf2 h4 41. Be2 Rc2 42. Ke3 f6 43. Ra1 Be8 44. Ra6+ Bc6 45. Bb5 Kd5 46. Rxc6
Rxc6 47. Bxc6+ Kxc6 48. h3 Kd5 49. Bh2 Kc4 50. Bg1 Kc3 51. Bf2 f4+ 52. Kxe4 1-0

[Event "Master"]
[Site "Hyeres"]
[Date "2008.07.08"]
[Round "2.2"]
[White "Brongers, Henk"]
[Black "Penloup, Dominique"]
[Result "1-0"]
[WhiteElo "2070"]
[BlackElo "1833"]
[Annotator "Salaun,Michel"]
[PlyCount "95"]
[EventDate "2008.07.11"]
[EventType "tourn"]
[EventRounds "7"]
[EventCountry "FRA"]
[SourceDate "2008.07.31"]

1. e4 c5 2. Nf3 e6 3. d4 cxd4 4. Nxd4 Nf6 5. Nc3 Nc6 6. Ndb5 d6 7. Bf4 e5 8.
Bg5 a6 9. Na3 b5 10. Nd5 Be7 11. Bxf6 Bxf6 12. c3 Bg5 13. Nc2 O-O 14. a4 bxa4
15. Rxa4 a5 16. Bc4 Rb8 17. b3 Kh8 18. Nce3 g6 19. O-O f5 20. exf5 gxf5 21. Qe2
f4 22. Nc2 f3 23. gxf3 Bh3 24. Rd1 Bh6 25. Kh1 Rg8 26. Nde3 Qg5 27. Bxg8 Rxg8
28. Ng4 Bf8 29. Qe3 h5 30. Qxg5 Rxg5 31. Nge3 Be6 32. c4 Bd7 33. Raa1 Bc8 34.
Rg1 Rxg1+ 35. Rxg1 Kh7 36. Nd5 Bg7 37. Nc3 Ne7 38. Ne3 Bd7 39. Rd1 Nc8 40. Ne4
Bc6 41. Ra1 a4 42. bxa4 Bf8 43. a5 Kg6 44. Rb1 Na7 45. Rb8 Be7 46. Nd5 Kf7 47.
Rh8 Ke6 48. Nxe7 1-0

[Event "Master"]
[Site "Hyeres"]
[Date "2008.07.08"]
[Round "3.4"]
[White "Langevin, Philippe"]
[Black "Banuls, Adrien"]
[Result "0-1"]
[WhiteElo "2154"]
[BlackElo "1814"]
[Annotator "Salaun,Michel"]
[PlyCount "114"]
[EventDate "2008.07.11"]
[EventType "tourn"]
[EventRounds "7"]
[EventCountry "FRA"]
[SourceDate "2008.07.31"]

1. e4 c5 2. Nc3 d6 3. g3 g6 4. Bg2 Bg7 5. f4 Nc6 6. d3 e6 7. Nf3 Nge7 8. O-O
O-O 9. Bd2 Rb8 10. Rb1 b5 11. a3 Qb6 12. Kh1 Bb7 13. g4 Nd4 14. Nxd4 cxd4 15.
Ne2 f5 16. Ng3 Rbc8 17. Rc1 Qd8 18. Qe2 Qd7 19. Bb4 e5 20. fxe5 Bxe5 21. exf5
Bxg2+ 22. Qxg2 Kh8 23. f6 Rxf6 24. Rxf6 Bxf6 25. Ne4 Be5 26. Ng5 Rf8 27. Rf1
Rf4 28. Nf7+ Kg7 29. Nxe5 Rxf1+ 30. Qxf1 dxe5 31. Qf3 Qc6 32. Qxc6 Nxc6 33. Bd2
Kf6 34. Kg2 Ke6 35. Kf3 Kd5 36. h3 Nd8 37. Bh6 Nf7 38. Bd2 Nd6 39. Bb4 Nf7 40.
Be7 Nd6 41. Bxd6 Kxd6 42. Ke4 a5 43. c3 dxc3 44. bxc3 Ke6 45. g5 Kd6 46. h4 Ke6
47. Ke3 Kd5 48. Kd2 Ke6 49. Kc2 Kd5 50. Kb3 Kc5 51. a4 bxa4+ 52. Kxa4 Kb6 53.
c4 Kc5 54. Kxa5 e4 55. dxe4 Kxc4 56. Kb6 Kd4 57. Kc6 Kxe4 0-1

[Event "Master"]
[Site "Hyeres"]
[Date "2008.07.08"]
[Round "3.2"]
[White "Penloup, Dominique"]
[Black "Hajage, Samuel"]
[Result "1-0"]
[WhiteElo "1833"]
[BlackElo "1924"]
[Annotator "Salaun,Michel"]
[PlyCount "125"]
[EventDate "2008.07.11"]
[EventType "tourn"]
[EventRounds "7"]
[EventCountry "FRA"]
[SourceDate "2008.07.31"]

1. e4 c5 2. Nc3 Nc6 3. Bb5 Nd4 4. Bc4 g6 5. Nf3 Bg7 6. Nxd4 cxd4 7. Qf3 Nh6 8.
Ne2 O-O 9. d3 Ng4 10. Bb3 Ne5 11. Qg3 a5 12. a3 a4 13. Ba2 Nc6 14. O-O d6 15.
c3 Qa5 16. Bd2 Bd7 17. Rfd1 Qb6 18. Rab1 Kh8 19. Nf4 Qc5 20. Rdc1 Qa5 21. h4
Rac8 22. Nd5 Be6 23. Rc2 Qa6 24. c4 Ne5 25. Nxe7 Rc7 26. Nd5 Bxd5 27. exd5 f5
28. Bf4 Rd7 29. Rbc1 b6 30. Re2 Re8 31. Rce1 Qc8 32. Bd2 Rdd8 33. Bb4 Bh6 34.
f4 Nf7 35. Qf2 Bg7 36. Bb1 Bf6 37. g3 Qd7 38. Bc2 Nh6 39. Rxe8+ Rxe8 40. Rxe8+
Qxe8 41. Qe1 Qe3+ 42. Qxe3 dxe3 43. Bxd6 Ng4 44. Bd1 Nf2 45. Be2 Bxb2 46. Be5+
Bxe5 47. fxe5 Kg7 48. Kg2 Kf7 49. Kf3 Ng4 50. Kf4 Nh6 51. Kxe3 Ke7 52. Bd1 Nf7
53. d4 h6 54. Bxa4 g5 55. hxg5 hxg5 56. d6+ Ke6 57. Bc6 Nh6 58. Bd5+ Kd7 59. c5
bxc5 60. dxc5 Ng4+ 61. Kd4 f4 62. gxf4 gxf4 63. c6+ 1-0

[Event "Master"]
[Site "Hyeres"]
[Date "2008.07.08"]
[Round "3.1"]
[White "Villegas, Pierre"]
[Black "Kleinplatz, Sam"]
[Result "1/2-1/2"]
[WhiteElo "2105"]
[BlackElo "2265"]
[Annotator "Salaun,Michel"]
[PlyCount "62"]
[EventDate "2008.07.11"]
[EventType "tourn"]
[EventRounds "7"]
[EventCountry "FRA"]
[SourceDate "2008.07.31"]

1. d4 Nf6 2. c4 g6 3. f3 d5 4. cxd5 Nxd5 5. e4 Nb6 6. Nc3 Bg7 7. Be3 O-O 8. Qd2
e5 9. d5 c6 10. h4 cxd5 11. exd5 f5 12. h5 f4 13. Bc5 Bf5 14. hxg6 hxg6 15.
O-O-O Rf7 16. Nh3 N8d7 17. Ba3 Rc8 18. Nf2 Nc4 19. Bxc4 Rxc4 20. Nfe4 Bxe4 21.
fxe4 b5 22. Qd3 Qc7 23. Kb1 b4 24. Nb5 Qc5 25. b3 Qxb5 26. bxc4 Qa4 27. Bb2 Nc5
28. Qh3 Nxe4 29. Qc8+ Bf8 30. Qh3 Bg7 31. Qc8+ Bf8 1/2-1/2

[Event "Master"]
[Site "Hyeres"]
[Date "2008.07.08"]
[Round "3"]
[White "Sernagiotto, Mirko Virgilio"]
[Black "Brongers, Henk"]
[Result "0-1"]
[WhiteElo "2072"]
[BlackElo "2070"]
[Annotator "Salaun,Michel"]
[PlyCount "50"]
[EventDate "2008.07.11"]
[EventType "tourn"]
[EventRounds "7"]
[EventCountry "FRA"]
[SourceDate "2008.07.31"]

1. Nf3 Nf6 2. g3 g6 3. Bg2 Bg7 4. d4 d6 5. c3 O-O 6. O-O Nbd7 7. Nbd2 e5 8. e4
c6 9. b3 Re8 10. Re1 d5 11. dxe5 Nxe5 12. Nxe5 Rxe5 13. f4 Qb6+ 14. Kh1 Ng4 15.
Qe2 Rh5 16. h4 Bxc3 17. exd5 Nf2+ 18. Kh2 Bg4 19. Bf3 Bxa1 20. Nc4 Qc5 21. Be3
Bd4 22. b4 Bxf3 23. bxc5 Bxe2 24. Bxd4 Ng4+ 25. Kh3 Rxd5 0-1

[Event "Master"]
[Site "Hyeres"]
[Date "2008.07.09"]
[Round "4"]
[White "Banuls, Adrien"]
[Black "Villegas, Pierre"]
[Result "0-1"]
[WhiteElo "1814"]
[BlackElo "2105"]
[Annotator "Salaun,Michel"]
[PlyCount "54"]
[EventDate "2008.07.11"]
[EventType "tourn"]
[EventRounds "7"]
[EventCountry "FRA"]
[SourceDate "2008.07.31"]

1. e4 c5 2. c3 Nf6 3. e5 Nd5 4. d4 e6 5. Nf3 cxd4 6. cxd4 d6 7. Nc3 Nxc3 8.
bxc3 Nc6 9. exd6 Bxd6 10. Bd3 Qa5 11. Bd2 Qh5 12. O-O O-O 13. Re1 Rd8 14. Re4
f5 15. Rh4 Qe8 16. Bg5 Be7 17. Qe2 Bxg5 18. Nxg5 h6 19. Nh3 Qe7 20. Rh5 Bd7 21.
d5 Be8 22. Rxh6 gxh6 23. dxc6 {(=)} Qd6 24. Bc4 Bf7 25. cxb7 Rab8 26. Bb3 Rxb7
27. Rd1 Rxb3 0-1

[Event "Master"]
[Site "Hyeres"]
[Date "2008.07.09"]
[Round "4.3"]
[White "Penloup, Dominique"]
[Black "Sernagiotto, Mirko Virgilio"]
[Result "1-0"]
[WhiteElo "1833"]
[BlackElo "2072"]
[Annotator "Salaun,Michel"]
[PlyCount "67"]
[EventDate "2008.07.11"]
[EventType "tourn"]
[EventRounds "7"]
[EventCountry "FRA"]
[SourceDate "2008.07.31"]

1. e4 e5 2. Bc4 Nf6 3. Nc3 Bc5 4. d3 a6 5. Nf3 d6 6. O-O Nc6 7. Bg5 h6 8. Bxf6
Qxf6 9. Nd5 Qd8 10. c3 Bg4 11. h3 Bxf3 12. Qxf3 O-O 13. b4 Ba7 14. Ne3 Ne7 15.
Qg3 c6 16. Ng4 Kh8 17. Bb3 f5 18. exf5 Nxf5 19. Qh2 Qh4 20. Kh1 Bxf2 21. Rxf2
Ng3+ 22. Kg1 Rxf2 23. Nxf2 Ne2+ 24. Kf1 Ng3+ 25. Kg1 Rf8 26. Ne4 Ne2+ 27. Kh1
Rf2 28. Re1 d5 29. Nxf2 Qxf2 30. Rxe2 Qxe2 31. Qg3 Kh7 32. Kh2 Kh8 33. c4 d4
34. c5 1-0

[Event "Master"]
[Site "Hyeres"]
[Date "2008.07.09"]
[Round "4"]
[White "Brongers, Henk"]
[Black "Langevin, Philippe"]
[Result "1-0"]
[WhiteElo "2070"]
[BlackElo "2154"]
[Annotator "Salaun,Michel"]
[PlyCount "148"]
[EventDate "2008.07.11"]
[EventType "tourn"]
[EventRounds "7"]
[EventCountry "FRA"]
[SourceDate "2008.07.31"]

1. e4 Nc6 2. Nf3 e5 3. Bc4 Nf6 4. d3 Be7 5. c3 O-O 6. Bb3 Qe8 7. O-O d6 8. Nbd2
Bg4 9. h3 Bh5 10. Re1 Kh8 11. Nf1 Rd8 12. Ng3 Bg6 13. Qe2 Na5 14. Bc2 c5 15.
Bd2 Qb5 16. b4 cxb4 17. cxb4 Rc8 18. Rec1 Nc6 19. a4 Qb6 20. b5 Nd4 21. Nxd4
exd4 22. Bb3 Rce8 23. a5 Qd8 24. f4 h6 25. Ra4 Nd7 26. Rxd4 Bh4 27. Nf1 Qf6 28.
Rd5 Nc5 29. Ba2 Qb2 30. Bc4 Nb3 31. Bxb3 Qxb3 32. Rc7 Qxd5 33. Qg4 Qxd3 34.
Qxh4 Rxe4 35. Rc3 Qxb5 36. Qf2 Rfe8 37. Ng3 Rc4 38. f5 Bh7 39. Kh2 Qc5 40. Be3
Rxc3 41. Bxc5 Rxc5 42. Qf3 f6 43. Qxb7 Rxa5 44. Qd7 Rae5 45. Qxa7 Bxf5 46. Nxf5
Rxf5 47. Qd7 Rfe5 48. Qxd6 R5e6 49. Qd3 Re4 50. Qd5 R8e7 51. Qd8+ Kh7 52. Qd6
R4e6 53. Qf4 g6 54. h4 h5 55. g3 Kg7 56. Qb4 Re2+ 57. Kh3 R2e3 58. Qc5 R3e5 59.
Qc3 g5 60. hxg5 Rxg5 61. Qd4 Rf7 62. Qd8 Kh7 63. Qe8 Rfg7 64. Kh2 Re5 65. Qf8
Re2+ 66. Kh3 Re3 67. Qxf6 Rgxg3+ 68. Kh2 Rh3+ 69. Kg2 Reg3+ 70. Kf1 Rg6 71.
Qf7+ Kh6 72. Qf4+ Kg7 73. Qc7+ Kf6 74. Qd8+ Ke5 1-0

[Event "Master"]
[Site "Hyeres"]
[Date "2008.07.10"]
[Round "5"]
[White "Villegas, Pierre"]
[Black "Brongers, Henk"]
[Result "0-1"]
[WhiteElo "2070"]
[BlackElo "2105"]
[Annotator "Salaun,Michel"]
[PlyCount "56"]
[EventDate "2008.07.11"]
[EventType "tourn"]
[EventRounds "7"]
[EventCountry "FRA"]
[SourceDate "2008.07.31"]

1. d4 Nf6 2. c4 g6 3. Nc3 Bg7 4. e4 d6 5. Be2 O-O 6. g4 c5 7. d5 b5 8. cxb5 a6
9. bxa6 Bxa6 10. Bxa6 Nxa6 11. g5 Nd7 12. Nge2 Qb6 13. h4 f5 14. Nf4 fxe4 15.
Qg4 Ne5 16. Qe6+ Rf7 17. h5 Nc7 18. Qh3 Rxf4 19. hxg6 Nf3+ 20. Kf1 Qa6+ 21. Kg2
Rh4 22. gxh7+ Kh8 23. Qxh4 Nxh4+ 24. Rxh4 Qd3 25. Nxe4 Qxd5 26. a4 Ne6 27. a5
Nd4 28. Ra3 Nb3 0-1

[Event "Master"]
[Site "Hyeres"]
[Date "2008.07.10"]
[Round "5"]
[White "Kleinplatz, Sam"]
[Black "Banuls, Adrien"]
[Result "1-0"]
[WhiteElo "2265"]
[BlackElo "1814"]
[Annotator "Salaun,Michel"]
[PlyCount "43"]
[EventDate "2008.07.11"]
[EventType "tourn"]
[EventRounds "7"]
[EventCountry "FRA"]
[SourceDate "2008.07.31"]

1. e4 c5 2. c3 Nf6 3. e5 Nd5 4. d4 cxd4 5. Bc4 e6 6. Nf3 dxc3 7. O-O cxb2 8.
Bxb2 Ne7 9. Nc3 a6 10. Ne4 Ng6 11. a4 Be7 12. h4 Nc6 13. h5 Ngxe5 14. Nxe5 Nxe5
15. Bxe5 d5 16. h6 dxc4 17. hxg7 Rg8 18. Qh5 Bf6 19. Rad1 Qe7 20. Qxh7 Rxg7 21.
Qh8+ Qf8 22. Bxf6 1-0

[Event "Master"]
[Site "Hyeres"]
[Date "2008.07.10"]
[Round "5.3"]
[White "Langevin, Philippe"]
[Black "Penloup, Dominique"]
[Result "1-0"]
[WhiteElo "2154"]
[BlackElo "1833"]
[Annotator "Salaun,Michel"]
[PlyCount "127"]
[EventDate "2008.07.11"]
[EventType "tourn"]
[EventRounds "7"]
[EventCountry "FRA"]
[SourceDate "2008.07.31"]

1. e4 c5 2. d4 cxd4 3. c3 Nf6 4. e5 Nd5 5. cxd4 d6 6. Nf3 Nc6 7. exd6 Qxd6 8.
Nc3 Nxc3 9. bxc3 e6 10. Bd3 g6 11. O-O Bg7 12. a4 Qc7 13. Ba3 Ne7 14. Bb5+ Bd7
15. Bxd7+ Qxd7 16. Ne5 Qc7 17. Qf3 O-O 18. Rab1 Rab8 19. Rb5 b6 20. Bxe7 Qxe7
21. Nc6 Qb7 22. Nxb8 Qxf3 23. gxf3 Rxb8 24. a5 Rc8 25. axb6 axb6 26. Rb3 b5 27.
Rd1 Bf6 28. Rd3 Rb8 29. c4 b4 30. Kf1 Kf8 31. Ke2 Ke8 32. Rd1 Kd7 33. f4 Kc6
34. Ke3 Rb7 35. Kd3 Bg7 36. Ra1 f5 37. Ke3 Rd7 38. Rd1 Rb7 39. Kf3 Rd7 40. Rbd3
Bf6 41. h3 Rd8 42. Ke2 Rd7 43. R1d2 Bg7 44. Ke3 Bf6 45. f3 Rd8 46. Rb3 Rb8 47.
Rdd3 Rb7 48. Ke2 Rd7 49. Ke3 Rb7 50. Kf2 Rd7 51. d5+ exd5 52. Rxd5 Be7 53. Rxd7
Kxd7 54. Ke2 Kc6 55. Re3 Bd6 56. Kd3 Kc5 57. Re8 Bxf4 58. Rd8 Kb6 59. Rh8 h6
60. Rg8 Bg5 61. Rxg6+ Kc7 62. h4 Bc1 63. Kc2 Be3 64. Rf6 1-0

[Event "Master"]
[Site "Hyeres"]
[Date "2008.07.10"]
[Round "5.1"]
[White "Sernagiotto, Mirko Virgilio"]
[Black "Hajage, Samuel"]
[Result "1-0"]
[WhiteElo "2072"]
[BlackElo "1924"]
[Annotator "Salaun,Michel"]
[PlyCount "133"]
[EventDate "2008.07.11"]
[EventType "tourn"]
[EventRounds "7"]
[EventCountry "FRA"]
[SourceDate "2008.07.31"]

1. Nf3 d5 2. c4 c6 3. b3 Nf6 4. Bb2 Bf5 5. d3 Nbd7 6. Nbd2 Qc7 7. Rc1 e6 8. g3
Bd6 9. Bg2 O-O 10. O-O Rfe8 11. Re1 Bg6 12. e4 dxe4 13. dxe4 e5 14. Qc2 Bc5 15.
h3 Nf8 16. a3 a5 17. Re2 Rad8 18. Qc3 Qd6 19. Qxa5 Ra8 20. Qc3 Bxa3 21. Bxa3
Rxa3 22. c5 Qc7 23. Nc4 Raa8 24. Nd6 Re6 25. Nxe5 b6 26. b4 bxc5 27. bxc5 N8d7
28. Nxg6 hxg6 29. e5 Ne8 30. f4 Ra5 31. Ne4 Qa7 32. Rd2 Re7 33. Kh2 Nc7 34. Qd4
Nb5 35. Qf2 Nc7 36. Rd6 Nd5 37. Rxc6 Qa8 38. Rd6 Ra2 39. Rc2 Rxc2 40. Qxc2 Ne3
41. Qe2 Nxg2 42. Qxg2 Qa7 43. c6 Nf8 44. Qc2 Ne6 45. h4 Rc7 46. Ng5 Nf8 47. e6
f6 48. Ne4 Qe3 49. Qc4 Kh7 50. Qc2 Re7 51. Nc5 Nxe6 52. Nxe6 Rxe6 53. Rxe6 Qxe6
54. c7 Qc8 55. h5 f5 56. hxg6+ Kxg6 57. Qc6+ Kh5 58. Qd6 Qe8 59. Qe5 Qd7 60.
Qe2+ Kh6 61. Qc2 Qc8 62. Qc6+ Kh5 63. Qc5 Kg4 64. Qd4 Qh8+ (64... Qxc7 65. Qd1#
) 65. Kg1 Kxg3 66. Qc3+ Kxf4 67. c8=Q 1-0

[Event "Master"]
[Site "Hyeres"]
[Date "2008.07.10"]
[Round "6"]
[White "Brongers, Henk"]
[Black "Kleinplatz, Sam"]
[Result "1-0"]
[WhiteElo "2070"]
[BlackElo "2265"]
[Annotator "Salaun,Michel"]
[PlyCount "115"]
[EventDate "2008.07.11"]
[EventType "tourn"]
[EventRounds "7"]
[EventCountry "FRA"]
[SourceDate "2008.07.31"]

1. e4 d5 2. exd5 Nf6 3. c4 e6 4. dxe6 Bxe6 5. Be2 Nc6 6. Nf3 Bc5 7. d3 Qe7 8.
O-O O-O-O 9. Nbd2 g5 10. Nb3 g4 11. Ne1 Rhg8 12. Nxc5 Qxc5 13. Be3 Qe5 14. Nc2
Bxc4 15. Re1 Qf5 16. d4 Bxe2 17. Qxe2 Nd5 18. Qc4 Nb6 19. Qc3 Qd5 20. b3 h5 21.
Rac1 h4 22. Nb4 Qd6 23. Nxc6 bxc6 24. Qxc6 Qxc6 25. Rxc6 Nd5 26. Bd2 h3 27. Rc5
Rd6 28. b4 f6 29. b5 Kd7 30. Kf1 Rg7 31. g3 Re7 32. Rxe7+ Kxe7 33. Ke2 Ke6 34.
Kd3 a6 35. a4 axb5 36. Rxb5 Ra6 37. a5 f5 38. Kc4 c6 39. Rb7 Nf6 40. Rb6 Rxb6
41. axb6 Kd7 42. Bf4 Kc8 43. Kc5 Kb7 44. Kd6 Ne4+ 45. Ke6 Nxf2 46. Kxf5 Kxb6
47. Be3 Nd1 48. Bg1 Kc7 49. Kxg4 Kd6 50. Kxh3 Ke6 51. Kg4 Nc3 52. h4 Ne4 53. h5
Nf6+ 54. Kg5 Ne4+ 55. Kg6 Nxg3 56. h6 Nf5 57. h7 Ne7+ 58. Kg5 1-0

[Event "Master"]
[Site "Hyeres"]
[Date "2008.07.10"]
[Round "6.4"]
[White "Hajage, Samuel"]
[Black "Banuls, Adrien"]
[Result "1-0"]
[WhiteElo "1924"]
[BlackElo "1814"]
[Annotator "Salaun,Michel"]
[PlyCount "119"]
[EventDate "2008.07.11"]
[EventType "tourn"]
[EventRounds "7"]
[EventCountry "FRA"]
[SourceDate "2008.07.31"]

1. e4 c5 2. Nc3 e6 3. Nf3 a6 4. d4 cxd4 5. Nxd4 d6 6. Be3 Nf6 7. Be2 Be7 8. O-O
O-O 9. a4 Qc7 10. a5 Nc6 11. Nb3 Bd7 12. f4 Rfe8 13. Bb6 Qb8 14. Qd2 Na7 15. e5
Nd5 16. Nxd5 exd5 17. Qxd5 Bc6 18. Qd4 Nc8 19. Bc4 Nxb6 20. axb6 Bf8 21. Rae1
Bb5 22. e6 Bxc4 23. Qxc4 fxe6 24. Rxe6 Rxe6 25. Qxe6+ Kh8 26. Qf7 Qc8 {(=)} 27.
Qd5 Rb8 28. c4 Qc6 29. Na5 Qxb6+ 30. Rf2 Re8 31. Kf1 Qb4 32. Rd2 Qa4 33. b3
Qa1+ 34. Rd1 Qa2 35. Qd2 Qxd2 36. Rxd2 b6 37. Nc6 Re3 38. Nd4 g6 39. Kf2 Re4
40. Ne2 Re6 41. Ra2 a5 42. Nc3 Bg7 43. Nd5 Bd4+ {(=)} 44. Kf1 Bc5 45. Re2 Rxe2
46. Kxe2 Kg7 47. Kd3 Kf7 48. Ke4 Ke6 49. g4 Bf2 50. g5 Bc5 51. Nf6 b5 52. cxb5
Bb6 53. Nd5 Ba7 54. b6 Bb8 55. h4 Kd7 56. f5 gxf5+ 57. Kxf5 Kc6 58. Ke6 Kc5 59.
h5 Kd4 60. g6 1-0

[Event "Master"]
[Site "Hyeres"]
[Date "2008.07.10"]
[Round "6"]
[White "Penloup, Dominique"]
[Black "Villegas, Pierre"]
[Result "0-1"]
[WhiteElo "1833"]
[BlackElo "2105"]
[Annotator "Salaun,Michel"]
[PlyCount "140"]
[EventDate "2008.07.11"]
[EventType "tourn"]
[EventRounds "7"]
[EventCountry "FRA"]
[SourceDate "2008.07.31"]

1. e4 c5 2. Nc3 a6 3. f4 b5 4. Nf3 Bb7 5. d3 e6 6. Be2 Nf6 7. O-O b4 8. Nb1 d5
9. e5 Nfd7 10. c3 a5 11. Be3 Be7 12. Nbd2 O-O 13. Qe1 Nc6 14. Qg3 Re8 15. d4 a4
16. a3 bxc3 17. bxc3 Ba6 18. Bxa6 Rxa6 19. Rfb1 Na5 20. Ng5 cxd4 21. cxd4 Nb6
22. Qg4 Nbc4 23. Nxc4 Nxc4 24. Bf2 Bxg5 25. fxg5 Rb6 26. Qd1 Rxb1 27. Qxb1 Qb8
28. Qb4 Qxb4 29. axb4 a3 30. Ra2 f6 31. gxf6 gxf6 32. exf6 Kf7 33. Bg3 Ra8 34.
Bc7 Ra4 35. Ba5 Nxa5 36. bxa5 Kxf6 37. Kf2 Rxa5 38. Ke3 Kg5 39. Kd3 h5 40. Ke3
Kg4 41. Kd3 h4 42. Ke3 Ra4 43. Kd3 h3 44. gxh3+ Kxh3 45. Ke3 Kg4 46. Rg2+ Kh3
47. Ra2 Kh4 48. Kd3 Ra8 49. Ke3 Kg4 50. Rg2+ Kf5 51. Rf2+ Kg5 52. Rg2+ Kf6 53.
Rf2+ Ke7 54. Ra2 Rh8 55. Kf4 Rh3 56. Kg5 Kd6 57. Kg4 Rd3 58. Kg5 Kc6 59. Kf6
Kb5 60. h4 Kb4 61. h5 Rh3 62. Kg6 Kb3 63. Rg2 a2 64. Rg1 Rh2 65. h6 Kb2 66. h7
a1=Q 67. Rxa1 Kxa1 68. Kg7 Kb2 69. h8=Q Rxh8 70. Kxh8 Kc3 0-1